000 00506nam a2200169 i 4500
001 147014
003 ES-MaACL
005 20230906201752.0
007 t|
008 070920s1959 sp ||||1| eng d
100 1 _aTschiffely, A. F.
_9111602
245 1 0 _aA Brief Anthology /
_cA.F. Tschiffely ; edited with an intróduction by F.J. Fitz-Gibon.
260 _aMadrid :
_bAlhambra,
_c[1959]
300 _a123 p. ;
_c18 cm.
700 1 _aFitz-Gibon, F. J.
_951065
852 _aES-MaACL
_jC-17332
_bR.44490
999 _c147014
_d147014